000 00972nas a2200313 4500
001 BR2011004153
003 BR-BrBNA
005 20231205115451.0
007 ta
008 230509b bl.|||p| |||| 00| 00por d
040 _aBR-BrBNA
_bpor
_cBiblioteca Nacional de Agricultura
041 _a(En)
072 _aF50
100 1 _aRamos, L.M.
100 1 _aCosta, R.S.
100 1 _aMôro, F.V.
100 1 _aSilva, R.C.
245 1 _aMorfologia de frutos e sementes e morfofunção de plântulas de moringa (Moringa oleifera Lam.)
_bNota Científica
650 _aMORINGA
650 _aGERMINAÇÃO
650 _aPLANTULA
650 _aFRUTO
650 _aSEMENTE
650 _aMORFOLOGIA VEGETAL
773 0 _tComunicata Scientiae (Brazil)
_xISSN 2177-5133
_g(2010), v. 1(2) p. 156-160
_wBR2011004153
856 4 0 _uhttp://comunicata.ufpi.br/index.php/comunicata/article/download/54/47
909 _a202311
_bLúcia
_c55
_dLúcia Elande
942 _2AGRIS
_n0
_cANA
999 _c213967
_d213967